Formule 1 - Pilotes japonais - Statistiques

Statistiques générales
  • Ce quiz a été pris 30 fois
  • Le résultat moyen est 5 sur 12
Statistiques - réponses
Par images Réponse % Correct
Yuki Tsunoda
100%
Kamui Kobayashi
90%
Takuma Sato
67%
Kazuki Nakajima
57%
Satoru Nakajima
48%
Yuji Ide
43%
Aguri Suzuki
33%
Sakon Yamamoto
29%
Toranosuke Takagi
29%
Ukyo Katayama
19%
Shinji Nakano
14%
Taki Inoue
14%
Aucun quiz correspondant
Distribution des résultats
% des personnes avec chaque résultat
Percentile par nombre de réponses
Votre historique - résultats
Vous n’avez pas pris ce quiz